Teaching law by design. Engaging students from the syllabus to the final exam

Saved in:
Bibliografiske detaljer
Hovedforfatter: Schwartz, Michael Hunter
Andre forfattere: Sparrow, Sophie M., Hess, Gerald F.
Format: Ukendt
Sprog:engelsk
Udgivet: Durham, North Carolina, USA. Carolina Academic Pres 2016
Udgivelse:Second Edition
Fag:
Tags: Tilføj Tag
Ingen Tags, Vær først til at tagge denne postø!

MARC

LEADER 00000 a2200000 4500
003 CL-VaPUC
005 20201116140027.0
008 201116b ||||| |||| 00| 0 eng d
999 |c 431692  |d 431690 
020 |a 9781611637014 
040 |c Pontificia Universidad Católica de Valparaíso 
082 |a 340.071173 SCH 2016 
100 |a Schwartz, Michael Hunter  |9 856494 
245 |a Teaching law by design.  |b Engaging students from the syllabus to the final exam 
250 |a Second Edition  
260 |a Durham, North Carolina, USA.  |b Carolina Academic Pres  |c 2016 
300 |a 340 páginas  
583 |k Cristina Rojas  |c 20201116 
650 |a Derecho  |x Estudio y enseñanza  |z Estados Unidos   |9 858231 
650 |a Profesores de derecho   |x Manuales   |z Estados Unidos   |9 858232 
700 |a Sparrow, Sophie M.  |9 858233 
700 |a Hess, Gerald F.   |9 858234 
852 |a BIBCUR 
942 |2 ddc  |c BK 
952 |0 0  |1 0  |2 ddc  |4 0  |6 340_071173000000000_SCH_2016  |7 0  |8 A  |9 576909  |a BIBDER  |b BIBDER  |d 2020-08-31  |e 3  |g 50489.00  |i 5577543  |o 340.071173 SCH 2016  |p 5577543  |r 2023-01-25  |t 1  |v 50489.00  |w 2020-11-16  |y BK  |k DER